00302nam a2200109Ia 4500008004000000082001700040100002600057245004900083260004300132300001100175440000600186210210b1906 xxu||||| |||| 00| 0 eng d aS491.5E VASS aVASU (Srisa Chandra). aSiddanta kaumudi of Bhattoji diksita. Vol 2. aVaranasi.bMotilal Banarsidass.,c1906 aii,106 a2